LANGENSCHEIDT'S POCKET MERRIAM-WEBSTER ENGLISH DICTIONARY (Record no. 216395)

MARC details
000 -LEADER
fixed length control field 00493nam a22001577a 4500
008 - FIXED-LENGTH DATA ELEMENTS--GENERAL INFORMATION
fixed length control field 251223b |||||||| |||| 00| 0 eng d
020 ## - INTERNATIONAL STANDARD BOOK NUMBER
International Standard Book Number 978-088729-199-9
050 ## - LIBRARY OF CONGRESS CALL NUMBER
Classification number PE 1628 .L 36 1999
Item number 1
100 ## - MAIN ENTRY--PERSONAL NAME
Personal name LANGENSCHEIDT
245 ## - TITLE STATEMENT
Title LANGENSCHEIDT'S POCKET MERRIAM-WEBSTER ENGLISH DICTIONARY
260 ## - PUBLICATION, DISTRIBUTION, ETC.
Place of publication, distribution, etc. NEW YORK,
Name of publisher, distributor, etc. LANGENSCHEIDT PUBLISHERS, INC.
Date of publication, distribution, etc. 1999,
300 ## - PHYSICAL DESCRIPTION
Extent 905 P,
650 ## - SUBJECT ADDED ENTRY
Topical term or geographic name entry element English language, English language Dictionaries
942 ## - ADDED ENTRY ELEMENTS (KOHA)
Source of classification or shelving scheme Library of Congress Classification
Koha item type Reference
Holdings
Withdrawn status Lost status Source of classification or shelving scheme Damaged status Not for loan Collection Home library Current library Shelving location Date acquired Inventory number Total checkouts Full call number Barcode Date last seen Copy number Price effective from Koha item type
    Library of Congress Classification     Reference Kisii University Library Kisii University Library On Display 12/23/2025 34443   PE 1628 .L 36 1999 000000002890 12/23/2025 1 12/23/2025 Reference